00633nam a2200181Ia 4500008004100000020001800041022001500059040001300074082001600087100002000103245006800123260004800191300003300239500005000272650004300322650004000365650004600405191130s2004##################000#0#eng## a9780521830508 a2003055796 aACLcACL a330.951 ZHE aZheng, Yongnian aGlobalization and state transformation in ChinacYongnian Zheng aCambridgebCambridge University Pressc2004 axviii, 267 p. : ill. ; 24 cm aIncludes bibliographical references and index aCapitalism - Political aspects - China aChina - Economic policy - 1976-2000 aGlobalization - Political aspects - China